000 00449nam a2200169Ia 4500
003 GCL
008 140319s9999 xx 000 0 eng d
040 _aGCL /
_cGCL
082 0 4 _a005.3
_bK C
100 1 _aKINKOPH, SHERRY
245 1 0 _aTHE COMLPETE IDIAT'S GUIDE TO MICROSOFT OFFICE /
_cKINKOPH, SHERRY
260 _a[S.N] :
_bALPHA BOOK - MACMILLAN
300 _a371
650 0 4 _aMICROSOFT
650 0 4 _aCOMPUTER PROCESSING
942 _2ddc
_cBK
999 _c10388
_d10388